00403 2200145 4500001002100000008004100021035002000062245004700082100002300129260003100152300002000183082001000203650003100213990001300244INLIS000000000001155 ind  a0010-0423001155 aDONGENG DAN MEWARNAI KELINCI DAN SINGA TUA aMB. RAHIMSYAH A.R. aSURABAYAbSERBA JAYAc2010 a24 hlm.c20 cm. a398.5 aBUKU-BUKU DONGENG , BALADA a102781-1